Statistics for Mila Kunis Filmography

Click here to take the quiz!

General Stats

  • This quiz has been taken 96 times
    (23 since last reset)
  • The average score is 15 of 92

Answer Stats

TypeYearName% Correct
Film2010Black Swan
80%
Film2011Friends with Benefits
75%
TV Show1998-2006That '70s Show
75%
Film2016Bad Moms
60%
TV Show1999-2003, 2005-PresentFamily Guy
55%
Film2012Ted
50%
Web Series2023That '90s Show
45%
Film2017A Bad Moms Christmas
40%
Film2008Forgetting Sarah Marshall
35%
Film2022Luckiest Girl Alive
30%
Film2013Oz the Great and Powerful
30%
Commercial2021Cheetos
20%
Film2015Jupiter Ascending
20%
TV Show2005-2011Robot Chicken
20%
TV Show2009The Cleveland Show
20%
TV Show1996-19977th Heaven
15%
Film2002American Psycho 2
15%
TV Show1994, 1995Baywatch
15%
Film2021Breaking News in Yuba County
15%
Film2010Date Night
15%
Film2009Extract
15%
Film2020Four Good Days
15%
Film2001Get Over It
15%
Commercial1994Glitter Hair Barbie Doll
15%
Film1997Honey, We Shrunk Ourselves!
15%
Music Video2001Jaded
15%
Commercial2017Jim Beam
15%
Film2007Moving McAllister
15%
TV Film1995Piranha
15%
Film1996Santa with Muscles
15%
Film2010The Book of Eli
15%
Film2018The Spy Who Dumped Me
15%
Film2004Tony n' Tina's Wedding
15%
TV Show2014Two and a Half Men
15%
TV Show1997Walker, Texas Ranger
15%
Film2007After Sex
10%
Film2014Annie
10%
Film2013Blood Ties
10%
Film2008Boot Camp
10%
TV Show2020Curb Your Enthusiasm
10%
TV Show1994Days of Our Lives
10%
TV Special2007Family Guy 100th Episode Special
10%
Video Game2012Family Guy: Back to the Multiverse
10%
Video Game2014Family Guy: The Quest for Stuff
10%
TV Show1999Get Real
10%
TV Film1998Gia
10%
FilmTBAGoodrich
10%
TV Show2004Grounded for Life
10%
Film2015Hell and Back
10%
TV Show1995Hudson Street
10%
FilmTBAJackpot
10%
Film1998Krippendorf's Tribe
10%
Music Video2008LA Girls
10%
TV Show2002, 2007MADtv
10%
Short Film1995Make a Wish, Molly
10%
Film2008Max Payne
10%
Film1998Milo
10%
TV Show1996-1997Nick Freno: Licensed Teacher
10%
TV Show1998Pensacola: Wings of Gold
10%
Video Game2006Saints Row
10%
TV Short2009Seth & Alex's Almost Live Comedy Show
10%
Film2005Stewie Griffin: The Untold Story
10%
Web Series2021-2022Stoner Cats
10%
Music Video2020Stuck with U
10%
TV Special2006That '70s Show Special: The Final Goodbye
10%
Film2014The Angriest Man in Brooklyn
10%
Web Series2022The Boys
10%
Film2012The Color of Time
10%
Music Video2004The End Has No End
10%
Short Film2007The Hills with James Franco and Mila Kunis
10%
Music Video2000The Itch
10%
TV Show1995The John Larroquette Show
10%
TV Show2010The Late Late Show with Craig Ferguson
10%
Short Film2004The Latin Lover
10%
Film2013Third Person
10%
TV Show1996Unhappily Ever After
10%
Film2019Wonder Park
10%
Web Series2022Bling Empire
5%
TV Show2013Celebrity Style Story
5%
Video Game2017Family Guy: Another Freakin' Mobile Game
5%
Video Game2006Family Guy Video Game!
5%
TV Show2011Good Vibes
5%
TV Show2000Hollywood Squares
5%
Music Video1999In the Street
5%
Commercial2012Miss Dior
5%
TV Show2005Punk'd
5%
Music Video2001Rock and Roll All Nite
5%
TV Special2002Seaside Survivor
5%
TV Show2011Sesame Street
5%
Commercial1994Telephone Tammy Doll
5%
TV Show2017The Bachelorette
5%
TV Show2017The Price Is Right
5%

Score Distribution

Percentile by Number Answered

Percent of People with Each Score

Your Score History

You have not taken this quiz since the last reset